00887nam a2200253Ia 4500003000400000005001700004008004100021020001800062040001800080041000800098082002000106100002700126245007400153250001400227260004600241300002200287650003200309650002700341650002700368650002200395942003000417999001900447952016700466OSt20220124151751.0210716s2011 xx 000 0 und d a9788184841183 cAIMIT LIBRARY aeng a001.4221bPARC aParamasivan, C.914566 aResearch methodology for commerce and management /cby C. Paranasivan a[1st ed.] aNew Delhi :cRegal Publications ,b2011. ax, 228p ; c22cm. aResearch Methodology914567 aResearch Design914568 aData Collection914569 aHypothesis914570 2ddccBKe1stk001.42 PARC c208774d208774 00102ddc40708MBAaAIMITbAIMITcRMd2014-12-11g880.00iBill no:303; Bill dt:2014-12-03l0o001.42 PARCpMBA11340r2026-05-23 00:00:00v704.00w2021-07-16yBK